LEADER 01198nam a2200241 i 4500 001 000000243468 003 CaOOAMICUS 005 20230426122932.0 008 150707s1767 it u000 u ita u 026 $as-ni e-do rozi OvIl (3) 1767 (R) 040 $aSeMil$bita 245 00$aAtti di San Girolamo Miani fondatore della Congregazione di Somasca descritti da varj autori in verso italiano e pubblicati nella sua canonizzazione. 260 $aIn Bergamo :$bPer Francesco Locatelli,$c1767. 300 $aXV, [1], 271, [1] p. ;$c4°. 500 $aFregi xilogr. 500 $aSegn.: *-2*4 A-2L4 600 04$aGirolamo : Emiliani (Miani) .$0(OLS)http://semarc/subject/9304 700 1 $aLocatelli, Francesco,$c.$0(OLS)http://semarc/name/8607 850 $aSeMil 852 $aSeMil$W1$xVenegono$y1$m3F IV 144 FA$j193814$B193814$CSeMilBibl$Z2$F204518 $8I 996 $6245$aAtti di San Girolamo Miani fondatore della Congregazione di Somasca descritti da varj autori in verso italiano e pubblicati nella sua canonizzazione$9(OLS)http://semarc/title/345316 996 $6260$aIn Bergamo :$bPer Francesco Locatelli$9(OLS)http://semarc/publisher/40455 LEADER 01135nam a2200265 i 4500 001 000000062167 003 CaOOAMICUS 005 20131031000000.0 008 131031s1991 xxk u000 u eng u 013 $a33339 020 $a0-8245-0694-4 040 $aSeMil$bita 100 1 $aTracy, David.$0(OLS)http://semarc/name/31541 245 14$aThe analogical imagination :$bchristian theology and the culture of pluralism /$cDavid Tracy. 260 $aNew York :$bCrossroad,$c1991. 300 $a467 p. ;$c23 cm. 650 4$aTeologia sistematica.$0(OLS)http://semarc/subject/598 650 4$aPluralismo religioso.$0(OLS)http://semarc/subject/9837 650 4$aTeologia - Sec. 20.-21.$0(OLS)http://semarc/subject/174 850 $aSeMil 852 $aSeMil$W1$xVenegono$y1$m2B VII 8$j28320$B28320$CSeMilBibl$Z2$F28323 $81 961 $aOmaggio: Bressan don Luca 996 $6020$a0-8245-0694-4$9(OLS)http://semarc/number/38624 996 $6245$aThe analogical imagination :$bchristian theology and the culture of pluralism$9(OLS)http://semarc/title/97827 996 $6260$aNew York :$bCrossroad$9(OLS)http://semarc/publisher/32461